| 000 | 00741nam a2200241Ia 4500 | ||
|---|---|---|---|
| 999 |
_c51295 _d51295 |
||
| 001 | 18264 | ||
| 003 | GE_BSU | ||
| 005 | 20230313174154.0 | ||
| 008 | 181216s2013||||fr |||||||||||||| ||fre|| | ||
| 020 | _a9782090380613 | ||
| 040 | _cGE_BSU | ||
| 080 | _a811.133.1 M-67 | ||
| 100 |
_aMiquel, Claire _97389 |
||
| 245 |
_aGrammaire En Dialogues : _bNiveau avance B2-C1 [With CD (Audio)] / _cClaire Miquel ; Edition Christine Grall. |
||
| 264 |
_aParis : _bCLE International, _c2013. |
||
| 300 |
_a144 p. ; _c29 cm. _e+1Audio CD |
||
| 541 | _h203 Gel. 25T. | ||
| 653 | _aGrammaire En Dialogues | ||
| 653 | _aNiveau avance | ||
| 653 | _aფრანგული ენა | ||
| 700 |
_aGrall, Christine _eEdition _917193 |
||
| 942 |
_cBK _2udc |
||